000 00591nam a2200229 a 4500
001 0001-1016
003 ELIB.Books
008 141023 2010 eng
020 _a9627439398
035 _a(ELIB.Books)0001-1170
092 _a266
_bCCA
100 _aCCA: Christian Conference of Asia
245 _aRe-routing Mission
260 _aPhilippines
_bChristian Conference of Asia
_c2004
300 _a130
_c21.5 Cm
650 _aMission
856 _nKBTS; Library
_uKBTS; Elib.
942 _2ddc
_cBK
990 _a1
998 _cbat
_e2014-10-23
999 _c11016
_d11016